Регионална библиотека "Любен Каравелов" - Русе

Позитивна фамилна терапия (Запис номер 9553)

MARC детайли
000 -Лидер
Контролно поле с фиксирана дължина 01617nam a2200337 c 4500
003 - Код на организацията, давaща контролен номер
Контролно поле BLK
005 - Дата и час на последна редакция
Контролно поле 20190227143856.0
008 - Елементи от данни с фиксирана дължина
fixed length control field 180412b bul|||||r ||||||| ||bul||
010 ## - Наследен системен номер
LC control number KNG00010976000
020 ## - Международен стандартен номер на книга ISBN
Международен стандартен номер на книга ISBN 954-8284-07-3
-- издат.: Колор Принт
040 ## - Източник на каталожния запис
Идентификатор на билиотеката - собственик на записа BLK
041 ## - Код за език
Код за езика на текст/звукозапис или на отделно заглавие Български
Код за езика КДБФ Български
080 ## - УДК
Текстов определител УДК Психотерапия - Психодрама, лечение по системата на йогите, колективна психотерапия, терапевтично влияние на музиката, изкуство. Медитация - психотерапевтични аспекти. Самовнушение. Вж и 616.89
УДК код - определител по УДК 615.851
УДК определител
УДК - код + определител 615.851
080 ## - УДК
Текстов определител УДК Семейна етика. Вж и 176 ; 343.3/.7 ; 347.6 ; 392
УДК код - определител по УДК 173
УДК определител
УДК - код + определител 173
100 1# - Редна дума - Автор
Автор Песешкиан, Носрат
Авторска отговорност първи автор
R(LIN) 108673
139 ## - Редно поле
Редна дума Песешкиан, Носрат
Авторски знак Пес - П 38
245 10 - Сведения за заглавието
Заглавие Позитивна фамилна терапия
Подзаглавни данни Лечебен метод на бъдещето
Редно поле (дума) Носрат Песешкиан.
257 ## - Страна на издаване
Страна на създаване/издаване Иран
260 ## - Област на издателските данни
-- Варна
Име на издателя, разпространителя и проч. Колор Принт
Година на издаване 1993
300 ## - Физическа характеристика
Страници 255 с.
Илюстрации и др. с табл.
Размери/Мащаб 20 см
380 ## - Жанр
Жанр Медицина
650 #4 - Допълнително описание по предмет – тема
Основно описание – тема или топоним Психотерапия
9 (RLIN) 168415
650 #4 - Допълнително описание по предмет – тема
Основно описание – тема или топоним Семейство и брак - психология и психопатология
9 (RLIN) 254586
650 #4 - Допълнително описание по предмет – тема
Основно описание – тема или топоним Семейни отношения - психология и психопатология
9 (RLIN) 254587
653 ## - Ключова дума – ненормативна
Ключова дума терапия
852 ## - Местоположение
Форматна сигнатура Цб 185184
856 4# - Електронен адрес и достъп
Електронен формат pdf - файл
Път до файла /url/
856 4# - Електронен адрес и достъп
Електронен формат pdf - файл
Път до файла /url/
942 ## - АРТИКУЛИ
Вид на библиотечния материал Книги
Скрит в OPAC Не
Koha issues (borrowed), all copies 1
944 ## - СЪЗДАВАНЕ И РЕДАКЦИЯ на ЗАПИСА
Създаване/Редакция Създаване
Дата на регистрацията/редакция 15.01.2003
Служител, извършил регистрацията/редакцията AB_DOS
944 ## - СЪЗДАВАНЕ И РЕДАКЦИЯ на ЗАПИСА
Създаване/Редакция Редакция
Дата на регистрацията/редакция 15.01.2003
Служител, извършил регистрацията/редакцията
999 ## - СИСТЕМНИ КОНТРОЛНИ НОМЕРА
Koha biblionumber 9553
Koha biblioitemnumber 9553
Наличности
Код за отписване Код за изгубен артикул Източник на класификационната схема Код за повреда Коз за рестрикции Код за отдаване Артикулен № Име на библиотеката - собственик Име на библиотеката, в която се намира в момента Статус (Текущо местоположение) Дата на вписване в системата Местоположение - отдел Цена в лева Инвентарен номер Систематично азбучна сигнатура Баркод Номер на екземпляра Цена в евро Служебна бележка Служебен тип на артикула
  Не е изгубен Universal Decimal Classification Не е повреден без рестрикции ползва се в читалня 16526 Регионална библиотека "Любен Каравелов" Русе Регионална библиотека "Любен Каравелов" Русе Читалня 2001-01-01 Читалня 0.65 608608 Ч 615/П 38 120000608608 1 0.33 Дата инв: 17.03.2017 Бележки инв: Ч2017 Книги
  Не е изгубен Universal Decimal Classification Не е повреден без рестрикции ползва се в читалня 16527 Регионална библиотека "Любен Каравелов" Русе Регионална библиотека "Любен Каравелов" Русе Хранилище 2001-01-01 Хранилище 0.00 620145 Цб 185184 120000620145 2 0.00   Книги
Vip Innovations Ltd, Rousse, Bulgaria 2025